Les 10 artistes les plus écoutés au monde Spotify 2024 - Statistiques

Statistiques générales
  • Ce quiz a été pris 145 fois
  • Le résultat moyen est 4 sur 10
Statistiques - réponses
Nationalité Réponse % Correct
Américaine Taylor Swift
87%
Canado-americain Drake
63%
Canadien The Weeknd
61%
Portoricain Bad Bunny
60%
Américaine Billie Eilish
44%
Américaine Ariana Grande
39%
Américain Travis Scott
31%
Américain Kanye West
21%
Mexicain Peso Pluma
13%
Colombien Feid
5%
Aucun quiz correspondant
Distribution des résultats
% des personnes avec chaque résultat
Percentile par nombre de réponses
Votre historique - résultats
Vous n’avez pas pris ce quiz